Calculated Risk / (Record no. 187026)
[ view plain ]
| 000 -LEADER | |
|---|---|
| fixed length control field | 01340 a2200169 4500 |
| 003 - CONTROL NUMBER IDENTIFIER | |
| control field | Nust |
| 005 - DATE AND TIME OF LATEST TRANSACTION | |
| control field | 20230127122529.0 |
| 040 ## - CATALOGING SOURCE | |
| Transcribing agency | Nust |
| 082 ## - DEWEY DECIMAL CLASSIFICATION NUMBER | |
| Classification number | 920,CLA |
| 100 ## - MAIN ENTRY--PERSONAL NAME | |
| Personal name | Clark, Mark |
| 9 (RLIN) | 105809 |
| 245 ## - TITLE STATEMENT | |
| Title | Calculated Risk / |
| Statement of responsibility, etc. | General Mark Clark |
| 260 ## - PUBLICATION, DISTRIBUTION, ETC. | |
| Place of publication, distribution, etc. | London |
| 300 ## - PHYSICAL DESCRIPTION | |
| Extent | 478:p |
| 505 ## - FORMATTED CONTENTS NOTE | |
| Formatted contents note | The Road Back to Rome : May 1949 (Page-13), Getting Ready for War July 1940-June 1942 (Page-19), We Decide on Torch : June 1942-Aigust 1942 (Page-34), Deputy to Eisenhower : Aug 1942-Oct 1942 (Page-47), Secret Mission to Africa : Oct 24 , 1942 (Page-73), The Darlan Deal : Nov 1942-Dec 1942 (Page-94), The Drive for Tunsia : Dec 1942-Jan 1943 (Page-133), The Fifth Army the Arabs and Some VIP : Jan 1943-Sep 1943 (Page-142), Salerno a Near Disaster : Sep 1943 (Page-179), From the Volturno to Cassino in Mud : Oct 1943-Nov 1943 (Page-209), The Drive into German Winter line : Dec 1943 (Page-230), The Rapido – Garigliano Front : Jan 1944 (Page-251), The Agony of Anzio : Jan 1944-Feb 1944 (Page-270), Cassino : Mar 1944 (Page-295), Rome the Great Prize: Apr 1944-Jun 1944 (Page-316), Pursuit to the Arno : Jun 1944-Oct 1944 (Page-347), The Hard Winter in the Apennines Nov 1944-Mar 1945 (Page-380), The Surrender : May 2,1945 (Page-400), The Moscow Conference :Mar 1947 (Page-451). |
| 650 ## - SUBJECT ADDED ENTRY--TOPICAL TERM | |
| Topical term or geographic name entry element | Biography |
| 9 (RLIN) | 461 |
| 942 ## - ADDED ENTRY ELEMENTS (KOHA) | |
| Source of classification or shelving scheme | |
| Koha item type | Book |
| Withdrawn status | Lost status | Source of classification or shelving scheme | Damaged status | Not for loan | Permanent Location | Current Location | Shelving location | Date acquired | Full call number | Barcode | Date last seen | Price effective from | Koha item type | Public note |
|---|---|---|---|---|---|---|---|---|---|---|---|---|---|---|
| Military College of Signals (MCS) | Military College of Signals (MCS) | General Stacks | 12/12/2016 | 920,CLA | MCS29345 | 12/08/2016 | 12/12/2016 | Book | Almirah No.59, Shelf No.2 |
